<?xml version="1.0" encoding="UTF-8"?>
<collection xmlns="http://www.loc.gov/MARC21/slim">
  <record>
    <leader>00000nam  2200000   4500</leader>
    <controlfield tag="001">INLIS000000000810426</controlfield>
    <controlfield tag="005">20251209091929</controlfield>
    <datafield tag="035" ind1="#" ind2="#">
      <subfield code="a">0010-1225000064</subfield>
    </datafield>
    <controlfield tag="007">ta</controlfield>
    <controlfield tag="008">251209###########################0######</controlfield>
    <datafield tag="082" ind1="#" ind2="#">
      <subfield code="a">297.09</subfield>
    </datafield>
    <datafield tag="084" ind1="#" ind2="#">
      <subfield code="a">297.09 ABD t</subfield>
    </datafield>
    <datafield tag="245" ind1="#" ind2="#">
      <subfield code="a">Tinta Emas Sejarah Sejak Nabi Adam Hingga Abad 14 H /</subfield>
      <subfield code="c">Rachmad Abdullah</subfield>
    </datafield>
    <datafield tag="250" ind1="#" ind2="#">
      <subfield code="a">Cet. 1</subfield>
    </datafield>
    <datafield tag="260" ind1="#" ind2="#">
      <subfield code="b">Al-Wafi Publishing,</subfield>
      <subfield code="c">2017</subfield>
    </datafield>
    <datafield tag="300" ind1="#" ind2="#">
      <subfield code="a">658 halaman ;</subfield>
      <subfield code="c">24 cm</subfield>
    </datafield>
  </record>
</collection>
